Noms de villes reformulés - Statistiques

Statistiques générales
  • Ce quiz a été pris 31 fois
  • Le résultat moyen est 4 sur 12
Statistiques - réponses
Hint Réponse % Correct
Dents de la couleur du chou de Bruxelles (mal accordé en genre en plus) Denver (Dents verts)
56%
Mouvement des vagues + âne + élément indispensable au baseball + élément Au Oulan-Bator (Houle + Ane + Batte + Or)
48%
Ah! Mon monte escalier automatique! Astana (Ah! Stannah!)
41%
Ane madrilène qui dit 'aujourd'hui' Hanoï (Ane hoy)
41%
Van à l'abri des intempéries Vancouver (Van couvert)
41%
L'arrière du cou Nuuk (Nuque)
33%
C'est où la 12e lettre de l'alphabet? Séoul (C'est où "l"?)
33%
T'as là, mais pas debout Tallahassee (T'as là assis)
33%
Rose au fameux carnaval Rosario (Rose à Rio)
30%
Forte à l'Agence Spatiale Européenne Fortaleza (Forte à l'ESA)
26%
Tank et poisson d'eau douce Charlotte (Char + Lotte)
11%
Sir détracte! Syracuse (Sir accuse!)
4%
Aucun quiz correspondant
Distribution des résultats
% des personnes avec chaque résultat
Percentile par nombre de réponses
Votre historique - résultats
Vous n’avez pas pris ce quiz